Statistics for Famous Movie Quotes #3

Click here to take the quiz!

General Stats

  • This quiz has been taken 137 times
  • The average score is 7 of 10

Answer Stats

QuoteActorFilm% Correct
"E.T. phone home."Pat WelshE.T. the Extra-Terrestrial
98%
"To infinity and beyond!"Tim AllenToy Story
93%
"Houston, we have a problem."Tom HanksApollo 13
85%
"Here's Johnny!"Jack NicholsonThe Shining
83%
"Yippie-ki-yay, motherf—er!"Bruce WillisDie Hard
80%
"Say hello to my little friend!"Al PacinoScarface
74%
"Mrs. Robinson, you're trying to seduce me, aren't you?"Dustin HoffmanThe Graduate
63%
"I am serious. And don't call me Shirley."Leslie NielsenAirplane
60%
"There's no crying in baseball!"Tom HanksA League of Their Own
55%
"You had me at hello."Renée ZellwegerJerry Maguire
55%

Score Distribution

Percentile by Number Answered

Percent of People with Each Score

Your Score History

You have not taken this quiz